<?xml version="1.0" encoding="UTF-8"?>
<record
    xmlns:xsi="http://www.w3.org/2001/XMLSchema-instance"
    xsi:schemaLocation="http://www.loc.gov/MARC21/slim http://www.loc.gov/standards/marcxml/schema/MARC21slim.xsd"
    xmlns="http://www.loc.gov/MARC21/slim">

  <leader>02229nam a2200301 i 4500</leader>
  <controlfield tag="001">9918782157304201</controlfield>
  <controlfield tag="003">BJBSDDR</controlfield>
  <controlfield tag="005">20260513163755.0</controlfield>
  <controlfield tag="006">a|||||r|||| 00| 0</controlfield>
  <controlfield tag="007">ta</controlfield>
  <controlfield tag="008">260225s2020    xxu     r     000 0 eng d</controlfield>
  <datafield tag="020" ind1=" " ind2=" ">
    <subfield code="a">9780393541311</subfield>
  </datafield>
  <datafield tag="040" ind1=" " ind2=" ">
    <subfield code="a">ES-MaCSI</subfield>
    <subfield code="b">spa</subfield>
    <subfield code="c">BJBSDDR</subfield>
  </datafield>
  <datafield tag="041" ind1=" " ind2=" ">
    <subfield code="a">eng</subfield>
  </datafield>
  <datafield tag="050" ind1=" " ind2=" ">
    <subfield code="b">H773p 2020</subfield>
  </datafield>
  <datafield tag="100" ind1="1" ind2=" ">
    <subfield code="a">Honigsbaum, Mark,</subfield>
    <subfield code="d">1960-</subfield>
    <subfield code="9">48423</subfield>
  </datafield>
  <datafield tag="245" ind1="1" ind2="4">
    <subfield code="a">The pandemic century :</subfield>
    <subfield code="b">one hundred years of panic, hysteria, and hubris /</subfield>
    <subfield code="c">Mark Honigsbaum.</subfield>
  </datafield>
  <datafield tag="260" ind1=" " ind2=" ">
    <subfield code="a">New York, NY :</subfield>
    <subfield code="b">W. W. Norton &amp; Company,</subfield>
    <subfield code="c">2020.</subfield>
  </datafield>
  <datafield tag="300" ind1=" " ind2=" ">
    <subfield code="a">478 pages :</subfield>
    <subfield code="b">illustrations ;</subfield>
    <subfield code="c">21 cm.</subfield>
  </datafield>
  <datafield tag="500" ind1=" " ind2=" ">
    <subfield code="a">En cubierta: "With a new chapter and updated epilogue on Coronavirus."</subfield>
  </datafield>
  <datafield tag="504" ind1=" " ind2=" ">
    <subfield code="a">Incluye notas e &#xED;ndice.</subfield>
  </datafield>
  <datafield tag="505" ind1=" " ind2=" ">
    <subfield code="a">Contenidos : Prologue: Sharks and Other Predators
The Blue Death
Plague in the City of Angels
The Great Parrot Fever Pandemic
The &#x201C;Philly Killer&#x201D;
Legionnaires&#x2019; Redux
AIDS in America, AIDS in Africa
SARS: &#x201C;Super Spreader&#x201D;
Ebola at the Borders
Z is for Zika
Disease X (in later editions / COVID update)
Epilogue: The Pandemic Century

Also included:

Notes
Abbreviations
Acknowledgments
Index</subfield>
  </datafield>
  <datafield tag="520" ind1=" " ind2=" ">
    <subfield code="a">How can we understand the COVID-19 pandemic? Ever since the 1918 Spanish influenza pandemic, scientists have dreamed of preventing such catastrophic outbreaks of infectious disease. Yet despite a century of medical progress, viral and bacterial disasters continue to take us by surprise, inciting panic and dominating news cycles. In The Pandemic Century, a lively account of scares both infamous and less known, medical historian Mark Honigsbaum combines reportage with the history of science and medical sociology to artfully reconstruct epidemiological mysteries and the ecology of infectious diseases. We meet dedicated disease detectives, obstructive or incompetent public health officials, and brilliant scientists often blinded by their own knowledge of bacteria and viruses--and see how fear of disease often exacerbates racial, religious, and ethnic tensions.</subfield>
  </datafield>
  <datafield tag="650" ind1=" " ind2="7">
    <subfield code="a">Epidemiolog&#xED;a</subfield>
    <subfield code="x">Historia</subfield>
    <subfield code="z">19..-20..</subfield>
    <subfield code="2">CSICAU</subfield>
  </datafield>
  <datafield tag="650" ind1=" " ind2="7">
    <subfield code="a">Errores m&#xE9;dicos</subfield>
    <subfield code="x">Historia.</subfield>
    <subfield code="2">CSICAU</subfield>
  </datafield>
  <datafield tag="942" ind1=" " ind2=" ">
    <subfield code="2">lcc</subfield>
    <subfield code="n">0</subfield>
    <subfield code="c">BK</subfield>
  </datafield>
  <datafield tag="946" ind1=" " ind2=" ">
    <subfield code="i">llh</subfield>
  </datafield>
  <datafield tag="999" ind1=" " ind2=" ">
    <subfield code="c">127080</subfield>
    <subfield code="d">127080</subfield>
  </datafield>
  <datafield tag="952" ind1=" " ind2=" ">
    <subfield code="0">0</subfield>
    <subfield code="1">0</subfield>
    <subfield code="2">lcc</subfield>
    <subfield code="4">0</subfield>
    <subfield code="7">0</subfield>
    <subfield code="8">APT</subfield>
    <subfield code="a">BJB</subfield>
    <subfield code="b">BJB</subfield>
    <subfield code="c">APT</subfield>
    <subfield code="d">2026-05-13</subfield>
    <subfield code="l">0</subfield>
    <subfield code="o">H773p 2020</subfield>
    <subfield code="p">00000200095</subfield>
    <subfield code="r">2026-05-13 16:38:26</subfield>
    <subfield code="t">1</subfield>
    <subfield code="w">2026-05-13</subfield>
    <subfield code="y">BK</subfield>
  </datafield>
</record>
